000 00595nam a2200181Ia 4500
008 090124s9999 xx 000 0 und d
082 _b305474
100 _aहुद्दार मधुकर
245 _a ग्लेन हील मर्डर
250 _a1
260 _bचेस जेम्स हॅडले
_c2006
300 _a172
600 _aहुद्दार मधुकर
630 _a ग्लेन हील मर्डर
700 _aहुद्दार मधुकर
730 _a ग्लेन हील मर्डर
942 _cBOOK
999 _c195468
_d195468